| 000 | 00908nam a2200253 i 4500 | ||
|---|---|---|---|
| 001 | bgj | ||
| 100 | 1 | _aNUNAN, David. | |
| 245 | 1 | 0 |
_aThe Learner-Centred Curriculum : _ba study in second language teaching / _cDavid Nunan. |
| 250 | _a[5th print.]. | ||
| 260 |
_aCambridge : _bCambridge University Press, _c1992. |
||
| 300 |
_aXII, 196 pp ; _c23 cm. |
||
| 490 | 1 | _aThe Cambridge Applied Linguistics / Michael H. Long and Jack C. Richards, series editors | |
| 504 | _aBibliography p. 181-186. | ||
| 505 | _aIncludes indexes. | ||
| 650 | 9 |
_aEnglish language _xStudy and teaching _xForeign speakers |
|
| 650 | 9 | _aCurriculum planning | |
| 830 | 0 | _aThe Cambridge Applied Linguistics (Michael H. Long and Jack C. Richards, series editors) | |
| 020 | _a0521358434 (pbk) | ||
| 040 | _cBPK | ||
| 041 | 0 | _aeng | |
| 920 | _a0-521-35843-4 (pbk) | ||
| 942 | _cKS | ||
| 008 | s uk f |000 0 eng | ||
| 999 |
_c47540 _d47540 |
||
| 856 |
_uhttp://koha.tu.koszalin.pl/cgi-bin/koha/opac-detail.pl?biblionumber=47540 _yKatalog online BPK |
||